[Event "Divcibare Narcis op"]
[Site "Divcibare"]
[Date "2018.10.06"]
[Round "7"]
[White "Oka, Hikaru"]
[Black "Ivanov, Mikhail M"]
[Result "1/2-1/2"]
[WhiteElo "2086"]
[BlackElo "2367"]
[PlyCount "23"]
[EventDate "2018.09.30"]
[EventType "swiss"]
[EventRounds "9"]
[EventCountry "SRB"]
[SourceTitle "CBM 187 Extra"]
[Source "ChessBase"]
[SourceDate "2018.11.04"]
[SourceVersion "1"]
[SourceVersionDate "2018.11.04"]
[SourceQuality "1"]

1. e4 e5 2. Nf3 Nc6 3. Bc4 Bc5 4. Nc3 Nf6 5. d3 0-0 6. 0-0 d6 7. h3 Ne7 8. Qe2 Ng6 9. Na4 Bb6 10. Nxb6 axb6 11. c3 c6 12. d4 1/2-1/2

[Event "Divcibare Narcis IM"]
[Site "Divcibare"]
[Date "2018.09.28"]
[Round "7"]
[White "Oka, Hikaru"]
[Black "Radlovacki, Jovan"]
[Result "1-0"]
[WhiteElo "2086"]
[BlackElo "2312"]
[PlyCount "67"]
[EventDate "2018.09.23"]
[EventType "tourn"]
[EventRounds "9"]
[EventCountry "SRB"]
[EventCategory "2"]
[SourceTitle "CBM 187 Extra"]
[Source "ChessBase"]
[SourceDate "2018.11.04"]
[SourceVersion "1"]
[SourceVersionDate "2018.11.04"]
[SourceQuality "1"]

1. e4 c6 2. d4 d5 3. exd5 cxd5 4. Bd3 Nc6 5. c3 Qc7 6. Ne2 Bg4 7. 0-0 Nf6 8. Qe1 e6 9. f3 Bh5 10. Qh4 Bg6 11. Bxg6 fxg6 12. Re1 Qd7 13. Nf4 Kf7 14. Nxe6 Re8 15. Nxf8 Rxe1+ 16. Qxe1 Rxf8 17. Nd2 Ne7 18. Nb3 b6 19. Bf4 Kg8 20. Nc1 h6 21. Nd3 Nf5 22. Ne5 Qe8 23. Qe2 Nd7 24. Re1 Nxd4 25. cxd4 Rxf4 26. Qb5 Nf6 27. Qb4 h5 28. Qd2 g5 29. g3 Rf5 30. g4 Rf4 31. Nd3 Qb8 32. Nxf4 gxf4 33. Re5 Qd6 34. Qxf4 1-0

[Event "Divcibare Narcis IM"]
[Site "Divcibare"]
[Date "2018.09.27"]
[Round "6"]
[White "Westerinen, Heikki MJ"]
[Black "Oka, Hikaru"]
[Result "1/2-1/2"]
[WhiteElo "2282"]
[BlackElo "2086"]
[PlyCount "33"]
[EventDate "2018.09.23"]
[EventType "tourn"]
[EventRounds "9"]
[EventCountry "SRB"]
[EventCategory "2"]
[SourceTitle "CBM 187 Extra"]
[Source "ChessBase"]
[SourceDate "2018.11.04"]
[SourceVersion "1"]
[SourceVersionDate "2018.11.04"]
[SourceQuality "1"]

1. e4 e5 2. Nf3 Nc6 3. Bb5 a6 4. Ba4 Nf6 5. 0-0 Be7 6. Re1 b5 7. Bb3 d6 8. c3 0-0 9. h3 Na5 10. Bc2 c5 11. d4 Nc6 12. d5 Nb8 13. a4 Bb7 14. c4 b4 15. Nbd2 Re8 16. Nf1 Bf8 17. N3h2 1/2-1/2

[Event "Novi Sad TS IM 76th"]
[Site "Novi Sad"]
[Date "2018.04.12"]
[Round "4"]
[White "Tancik, Kristijan"]
[Black "Oka, Hikaru"]
[Result "1/2-1/2"]
[WhiteElo "2245"]
[BlackElo "1998"]
[PlyCount "45"]
[EventDate "2018.04.10"]
[EventType "tourn"]
[EventRounds "9"]
[EventCountry "SRB"]
[SourceTitle "CBM 184 Extra"]
[Source "ChessBase"]
[SourceDate "2018.06.28"]
[SourceVersion "1"]
[SourceVersionDate "2018.06.28"]
[SourceQuality "1"]

1. d4 Nf6 2. c4 g6 3. Nc3 Bg7 4. e4 d6 5. Be2 0-0 6. Nf3 c5 7. d5 e6 8. 0-0 Re8 9. h3 exd5 10. exd5 Nbd7 11. Bd3 a6 12. Qa4 b6 13. Qc2 Ne5 14. Nxe5 Rxe5 15. Bf4 Re7 16. Rfe1 Raa7 17. Qd2 Re8 18. Bg5 Rae7 19. Rxe7 Qxe7 20. g4 Qe5 21. Bf4 Qe7 22. Bg5 Qe5 23. Bf4 1/2-1/2

[Event "Oceania zt 3.6"]
[Site "Auckland"]
[Date "2017.01.19"]
[Round "8"]
[White "Shen, Terry"]
[Black "Oka, Hikaru"]
[Result "1/2-1/2"]
[WhiteElo "1706"]
[BlackElo "1559"]
[PlyCount "81"]
[EventDate "2017.01.14"]
[EventType "swiss"]
[EventRounds "9"]
[EventCountry "NZL"]
[SourceTitle "EXT 2018"]
[Source "ChessBase"]
[SourceDate "2017.10.13"]
[SourceVersion "1"]
[SourceVersionDate "2017.10.13"]
[SourceQuality "1"]

1. d4 d5 2. Bf4 Nf6 3. e3 c5 4. c3 Nc6 5. Bd3 e6 6. Nf3 Qb6 7. b3 Be7 8. h3 Bd7 9. 0-0 0-0 10. Ne5 Rac8 11. g4 Nxe5 12. Bxe5 Ne8 13. Bg3 Bb5 14. c4 Ba6 15. cxd5 exd5 16. Nc3 Nf6 17. g5 Bxd3 18. Qxd3 cxd4 19. Na4 Qe6 20. gxf6 Bxf6 21. exd4 Qxh3 22. Nc3 h5 23. Nxd5 h4 24. Nxf6+ gxf6 25. Rac1 Kh8 26. Qf3 hxg3 27. fxg3 Rxc1 28. Rxc1 f5 29. Qh1 Qxh1+ 30. Kxh1 Rd8 31. Rd1 Kg7 32. Kg2 Kf6 33. Kf3 Ke6 34. Kf4 Rd5 35. Rd2 Kf6 36. Rd3 Kg6 37. Rd2 Kf6 38. Rd3 Kg6 39. Rd2 Kf6 40. Rd1 Ke6 41. Rd2 1/2-1/2

[Event "Oceania zt 3.6"]
[Site "Auckland"]
[Date "2017.01.17"]
[Round "6"]
[White "Eade, Don"]
[Black "Oka, Hikaru"]
[Result "1-0"]
[WhiteElo "1831"]
[BlackElo "1559"]
[PlyCount "41"]
[EventDate "2017.01.14"]
[EventType "swiss"]
[EventRounds "9"]
[EventCountry "NZL"]
[SourceTitle "EXT 2018"]
[Source "ChessBase"]
[SourceDate "2017.10.13"]
[SourceVersion "1"]
[SourceVersionDate "2017.10.13"]
[SourceQuality "1"]

1. e4 c5 2. Nf3 d6 3. d4 cxd4 4. Nxd4 Nf6 5. Nc3 g6 6. Be3 Bg7 7. Bc4 Nc6 8. f3 0-0 9. Qd2 a6 10. 0-0-0 Bd7 11. h4 b5 12. Bb3 Qa5 13. h5 Rfc8 14. hxg6 hxg6 15. Bh6 Bh8 16. Qg5 Ne5 17. Bf8 Nh7 18. Rxh7 Kxh7 19. Rh1+ Kg8 20. Rxh8+ Kxh8 21. Qh6+ 1-0

[Event "NZL-ch op 124th"]
[Site "Wellington"]
[Date "2017.01.03"]
[Round "3"]
[White "Oka, Hikaru"]
[Black "Goodhue, Nathan"]
[Result "0-1"]
[WhiteElo "1559"]
[BlackElo "1966"]
[PlyCount "100"]
[EventDate "2017.01.01"]
[EventType "swiss"]
[EventRounds "9"]
[EventCountry "NZL"]
[SourceTitle "CBM 176 Extra"]
[Source "ChessBase"]
[SourceDate "2017.03.02"]
[SourceVersion "1"]
[SourceVersionDate "2017.03.02"]
[SourceQuality "1"]

1. e4 d6 2. Nf3 g6 3. d4 Bg7 4. Be3 a6 5. Be2 b5 6. a4 b4 7. Nbd2 a5 8. c3 bxc3 9. bxc3 Nf6 10. h3 0-0 11. 0-0 Nbd7 12. Bd3 c6 13. Qc2 Qc7 14. Rab1 Ba6 15. Rfc1 e5 16. Bxa6 Rxa6 17. Qd3 Raa8 18. Rc2 Rfb8 19. Rcb2 d5 20. dxe5 Rxb2 21. Rxb2 Nxe5 22. Nxe5 Qxe5 23. exd5 Nxd5 24. Bd4 Qe1+ 25. Nf1 Nxc3 26. Qxc3 Qxc3 27. Bxc3 Bxc3 28. Rc2 Bb4 29. Rxc6 Rd8 30. Rc2 Rd1 31. Ra2 f5 32. g3 Kf7 33. Kg2 Rd3 34. Ne3 Ra3 35. Rxa3 Bxa3 36. Kf3 Ke6 37. Nc4 Bb4 38. Ke2 Kd5 39. Kd3 Be1 40. Ne3+ Kc5 41. Ke2 Bc3 42. Kd3 Bd4 43. f4 Bxe3 44. Kxe3 Kc4 45. g4 h5 46. g5 h4 47. Ke2 Kd4 48. Kd2 Ke4 49. Kc3 Kxf4 50. Kc4 Kg3 0-1

[Event "NZL-ch op 124th"]
[Site "Wellington"]
[Date "2017.01.01"]
[Round "1"]
[White "Oka, Hikaru"]
[Black "Forster, William"]
[Result "0-1"]
[WhiteElo "1559"]
[BlackElo "1963"]
[PlyCount "86"]
[EventDate "2017.01.01"]
[EventType "swiss"]
[EventRounds "9"]
[EventCountry "NZL"]
[SourceTitle "CBM 176 Extra"]
[Source "ChessBase"]
[SourceDate "2017.03.02"]
[SourceVersion "1"]
[SourceVersionDate "2017.03.02"]
[SourceQuality "1"]

1. d4 c5 2. e4 cxd4 3. Nf3 e5 4. c3 Nc6 5. cxd4 exd4 6. Nxd4 Nf6 7. Nc3 Bb4 8. f3 0-0 9. Be2 Qa5 10. Nxc6 dxc6 11. Bd2 Be6 12. 0-0 Rad8 13. Qc2 Bc5+ 14. Kh1 Qc7 15. Rac1 Rfe8 16. Bg5 Be7 17. Rfd1 Ng4 18. fxg4 Bxg5 19. Rxd8 Rxd8 20. Rd1 Rxd1+ 21. Qxd1 Qe5 22. Bf3 g6 23. g3 Kg7 24. a3 Bf6 25. Kg2 Qd4 26. Qxd4 Bxd4 27. Kf1 Bc4+ 28. Be2 Bxe2+ 29. Kxe2 Bxc3 30. bxc3 Kf6 31. Kd3 Ke5 32. Kc4 Kxe4 33. Kc5 g5 34. c4 Kf3 35. a4 Kxg4 36. Kd6 f5 37. Kc7 f4 38. Kxb7 f3 39. Kxa7 f2 40. a5 f1Q 41. a6 Qxc4 42. Kb7 Qb5+ 43. Ka7 c5 0-1

[Event "NZL-ch op 123rd"]
[Site "Auckland"]
[Date "2016.01.10"]
[Round "9"]
[White "Wei, Louie"]
[Black "Oka, Hikaru"]
[Result "0-1"]
[WhiteElo "1669"]
[BlackElo "1449"]
[PlyCount "42"]
[EventDate "2016.01.02"]
[EventType "swiss"]
[EventRounds "9"]
[EventCountry "NZL"]
[SourceTitle "CBM 170 Extra"]
[Source "ChessBase"]
[SourceDate "2016.02.25"]
[SourceVersion "1"]
[SourceVersionDate "2016.02.25"]
[SourceQuality "1"]

1. d4 Nf6 2. f4 d5 3. Nf3 c5 4. e3 Nc6 5. c3 Bf5 6. Bd3 Bxd3 7. Qxd3 c4 8. Qe2 e6 9. 0-0 Bd6 10. Nbd2 0-0 11. e4 Bxf4 12. e5 Nd7 13. g3 Bh6 14. Nh4 Qb6 15. Kh1 g6 16. Rb1 Qc7 17. Ndf3 Bg7 18. Bf4 Rfe8 19. Qf2 h6 20. Qc2 g5 21. Bxg5 hxg5 0-1

[Event "NZL-ch op 123rd"]
[Site "Auckland"]
[Date "2016.01.09"]
[Round "8"]
[White "Oka, Hikaru"]
[Black "Bennett, Hilton Petrie"]
[Result "0-1"]
[WhiteElo "1449"]
[BlackElo "1958"]
[PlyCount "106"]
[EventDate "2016.01.02"]
[EventType "swiss"]
[EventRounds "9"]
[EventCountry "NZL"]
[SourceTitle "CBM 170 Extra"]
[Source "ChessBase"]
[SourceDate "2016.02.25"]
[SourceVersion "1"]
[SourceVersionDate "2016.02.25"]
[SourceQuality "1"]

1. e4 g6 2. d4 Bg7 3. Nf3 d6 4. Be3 a6 5. Nbd2 b5 6. c3 Bb7 7. Bd3 Nd7 8. 0-0 c5 9. b3 Qc7 10. c4 b4 11. Rc1 Ngf6 12. d5 0-0 13. Qc2 Ng4 14. Rfe1 Nxe3 15. Rxe3 a5 16. Ng5 Ne5 17. Rh3 h6 18. Ngf3 Bc8 19. Rg3 Bd7 20. Be2 a4 21. Nxe5 Bxe5 22. Rd3 axb3 23. axb3 Ra3 24. Nb1 Ra7 25. Qd2 Kh7 26. f4 Bd4+ 27. Kh1 Rfa8 28. h3 Ra2 29. Qd1 Qc8 30. Nd2 Ra1 31. Nb1 R8a2 32. Bf1 Qh8 33. Qe1 Qf6 34. Qg3 Rb2 35. Rdd1 Raa2 36. Rd3 Ra1 37. Rdd1 Rf2 38. e5 Qxf4 39. Qxf4 Rxf4 40. exd6 exd6 41. Re1 Be5 42. Nd2 Rxc1 43. Rxc1 Rf2 44. Nf3 Bc3 45. Bd3 Rb2 46. Bc2 Kg7 47. Kh2 Kf6 48. Rf1 Bf5 49. Bd1 Kg7 50. Kg1 Be4 51. Ne1 f5 52. Kh2 Bxe1 53. Rxe1 Rxg2+ 0-1